000
00293nam a2200109Ia 4500
008
220204s9999 xx 000 0 und d
082
_a
930.9
_b
JAW
100
_a
Jawaharlal Nehru
245
0
_a
Glimpses of world history
260
_a
New Delhi
_b
Jawaharlal Nehru Memorial Fund
_c
1982
942
_c
BK
999
_c
37697
_d
37697